El mundo novelesco de Pedro Páramo /

En cuanto a que Pedro Páramo sea una novela difícil, todos los críticos están de acuerdo en ellos. Pero ni la opinión de Rodríguez Alcalá, ni la de Ferrer Chivite ofrecen una explicación satisfactoria a este hecho. Tanto el uno como el otro, a mi parecer, se equivocan en sus apreciaciones. Ni, como...

Full description

Bibliographic Details
Main Author: Costa, Narciso
Format: Analitica de revista
Language:Spanish
Published: Santiago, Chile Universidad de Chile. Departamento de Español 1978
Subjects:

MARC

LEADER 00000cab a2200000 a 4500
001 039751
003 UAHC_CL
005 20170803124407.0
008 150318s1976 cl 000 spa
040 |a UAHC_CL  |c UAHC_CL  |d UAHC_CL 
100 1 |a Costa, Narciso 
245 1 3 |a El mundo novelesco de Pedro Páramo /  |c Narciso Costa. 
260 |b Universidad de Chile. Departamento de Español  |a Santiago, Chile  |c 1978 
300 |a pp. 23-84 
500 |a En: Revista Chilena de Literatura. nû11, octubre 1978. pp. 23-84. ISSN 0718-2295. 
500 |a En: Revista Chilena de Literatura. n°11, octubre 1978. pp. 23-84. ISSN 0718-2295. 
500 |a En: Revista Chilena de Literatura. nç11, octubre 1978. pp. 23-84. ISSN 0718-2295. 
520 |a En cuanto a que Pedro Páramo sea una novela difícil, todos los críticos están de acuerdo en ellos. Pero ni la opinión de Rodríguez Alcalá, ni la de Ferrer Chivite ofrecen una explicación satisfactoria a este hecho. Tanto el uno como el otro, a mi parecer, se equivocan en sus apreciaciones. Ni, como se verá más adelante, todo queda aclarado; ni tampoco estamos ante una "novela clave", por lo menos no sustancialmente. 
520 |a En cuanto a que Pedro Páramo sea una novela difícil, todos los críticos están de acuerdo en ellos. Pero ni la opinión de Rodríguez Alcalá, ni la de Ferrer Chivite ofrecen una explicación satisfactoria a este hecho. Tanto el uno como el otro, a mi parecer, se equivocan en sus apreciaciones. Ni, como se verá más adelante, todo queda aclarado; ni tampoco estamos ante una "novela clave", por lo menos no sustancialmente. 
590 |a Nota de migración: referencia analitica PP125 
600 1 4 |a CERVANTES SAAVEDRA, MIGUEL DE  |d 1547-1616  |x CRITICA E INTERPRETACION 
650 4 |a NARRATIVA 
650 4 |a NOVELA 
650 4 |a LITERATURA 
653 |a PEDAGOGIA EN LENGUA CASTELLANA Y COMUNICACION 
759 |a PP125 
900 |a REV. CHIL. LIT.-11/78 
942 |c REVA 
952 |0 0  |1 0  |4 0  |6 REV___CHIL__LIT_11_78_000000000000000  |7 0  |8 Hemeroteca  |9 75422  |a BC  |b BC  |c Hemeroteca  |d 2017-08-03  |l 0  |o REV. CHIL. LIT.-11/78  |p FICTICIO10034  |r 2019-01-08 00:00:00  |t 1  |w 2017-08-03  |y REVA 
999 |c 39751  |d 39751